Venku číhá džungle : příběhy z povodí Amazonie / Květa Klímová-Pumerová
Record details
- ISBN: 80-7367-089-5
- Physical Description: 231 s., [16] barev. obr. příl. ; il., mapa ; 20 cm + 1 CD
- Edition: Vyd. 1.
- Publisher: Praha : Portál, 2006
Content descriptions
| General Note: | Ašháninsko-český slovník |
| Bibliography, etc. Note: | Obsahuje bibliografické odkazy |
Search for related items by subject
| Subject: | Indiáni Jižní Ameriky > Peru kultura a společnost > Peru Indians of South America > Peru culture and society > Peru Peru > etnografie Peru > ethnography |
| Genre: | cestopisy books of travels |
Available copies
- 1 of 1 copy available at Common Catalog SPOK.
Holds
- 0 current holds with 1 total copy.
Show Only Available Copies
| Location | Call Number / Copy Notes | Barcode | Shelving Location | Status | Due Date |
|---|---|---|---|---|---|
| Jabok Library | VO-5.1/K | 424480020881 | Odborná literatura | Available | - |
| LDR | 01478nam a2200433 a 4500 | ||
|---|---|---|---|
| 001 | 14222 | ||
| 003 | CZ-PrJAB | ||
| 005 | 20191101094438.0 | ||
| 007 | ta | ||
| 008 | 060428s2006 xr abf e 000 1 cze | ||
| 015 | . | ‡acnb001633101 | |
| 020 | . | ‡a80-7367-089-5 ‡q(brož.) : ‡cKč 299,00 | |
| 035 | . | ‡a(CZ PrNK)nkc20051633101 | |
| 035 | . | ‡a(OCoLC)85544122 | |
| 040 | . | ‡aABA001 ‡bcze | |
| 043 | . | ‡as-pe--- | |
| 072 | 7. | ‡a913(8) ‡xGeografie Jižní Ameriky, reálie, cestování ‡2Konspekt ‡97 | |
| 080 | . | ‡a316.72/.75 ‡2MRF | |
| 080 | . | ‡a39 ‡2MRF | |
| 080 | . | ‡a(=87) ‡2MRF | |
| 080 | . | ‡a(85) ‡2MRF | |
| 080 | . | ‡a(0:82-992) ‡2MRF | |
| 100 | 1 | . | ‡aKlímová-Pumerová, Květa ‡7vse2005278978 ‡4aut |
| 245 | 1 | 0. | ‡aVenku číhá džungle : ‡bpříběhy z povodí Amazonie / ‡cKvěta Klímová-Pumerová |
| 250 | . | ‡aVyd. 1. | |
| 260 | . | ‡aPraha : ‡bPortál, ‡c2006 | |
| 300 | . | ‡a231 s., [16] barev. obr. příl. ; ‡bil., mapa ; ‡c20 cm + ‡e1 CD | |
| 500 | . | ‡aAšháninsko-český slovník | |
| 504 | . | ‡aObsahuje bibliografické odkazy | |
| 650 | 0 | 7. | ‡aIndiáni Jižní Ameriky ‡7ph121354 ‡zPeru ‡2czenas |
| 650 | 0 | 7. | ‡akultura a společnost ‡7ph122010 ‡zPeru ‡2czenas |
| 650 | 0 | 9. | ‡aIndians of South America ‡zPeru ‡2eczenas |
| 650 | 0 | 9. | ‡aculture and society ‡zPeru ‡2eczenas |
| 651 | 7. | ‡aPeru ‡7ge130394 ‡xetnografie ‡2czenas | |
| 651 | 9. | ‡aPeru ‡xethnography ‡2eczenas | |
| 655 | 7. | ‡acestopisy ‡7fd131956 ‡2czenas | |
| 655 | 9. | ‡abooks of travels ‡2eczenas | |
| 910 | . | ‡aABG312 | |
| 995 | . | ‡aska | |
| 901 | . | ‡a14222 ‡bCZ PrNK ‡c14222 ‡tbiblio | |